000 00598nam a2200193Ia 4500
005 20260114185740.0
008 008 260114s9999 xx 000 0 eng d
020 _a9780567699558
037 _aEBOOK
040 _aCRL
_beng
_cCRL
041 _aeng
_2eng
084 _qCRL
100 _aSung J. Cho
_9873914
245 0 _aMatthew?s Account of the Massacre of the Innocents in Light of its Reception History
260 _bBloomsbury
_c2021
856 _uhttps://doi.org/10.5040/9780567699558?locatt=label:secondary_bloomsburyCollections
942 _cEBOOK
999 _c1472854
_d1472854